| 000 | 00652nam a22002297a 4500 | ||
|---|---|---|---|
| 005 | 20170124105919.0 | ||
| 010 | _aA-751644 | ||
| 020 |
_c300.00 _a8186504001 |
||
| 035 | _aA-751644 | ||
| 037 | _bCen Lib/Ret | ||
| 040 |
_aDPL _bEN |
||
| 082 |
_a306 _bSEH |
||
| 100 |
_aSehgal S.D. _93676 |
||
| 245 |
_aRise and fall of Human civilisation / _cby S.D. Sehgal |
||
| 260 |
_a Delhi _bH.K. Books _c1995 |
||
| 270 |
_aB-887,MIG Flats Loni Road _b Delhi _e110093 |
||
| 300 |
_a288p. _c20cm (Hb) |
||
| 500 | _aIncludes index | ||
| 650 |
_aHuman civilisation _93677 |
||
| 650 |
_aHuman development _93678 |
||
| 942 |
_2ddc _cEN _h306 _mSEH |
||
| 999 |
_c123018 _d123018 |
||